[Event "URU-chT3"]
[Site "Montevideo"]
[Date "2023.07.23"]
[Round "5.2"]
[White "Ledesma, Sebastian"]
[Black "Cano, Carlos2"]
[Result "1-0"]
[WhiteElo "1911"]
[BlackElo "1600"]
[PlyCount "81"]
[EventDate "2023.07.21"]
[EventType "swiss"]
[EventRounds "5"]
[EventCountry "URU"]
[SourceTitle "EXT 2024"]
[Source "ChessBase"]
[SourceDate "2023.10.10"]
[SourceVersion "1"]
[SourceVersionDate "2023.10.10"]
[SourceQuality "1"]
[WhiteTeam "Lacoz"]
[BlackTeam "Zwischenzug"]
[WhiteTeamCountry "URU"]
[BlackTeamCountry "URU"]

1. e4 e5 2. Nf3 Nc6 3. d4 exd4 4. Nxd4 Nxd4 5. Qxd4 Qf6 6. e5 Qb6 7. Qxb6 axb6 8. Nc3 Bb4 9. Bd2 Ne7 10. Nb5 Bxd2+ 11. Kxd2 Kd8 12. f4 f6 13. exf6 gxf6 14. Bd3 d5 15. Rhe1 Ng6 16. g3 Bd7 17. a4 Re8 18. b3 Rxe1 19. Rxe1 Bxb5 20. Bxb5 c6 21. Bd3 Nf8 22. Bf5 Ra5 23. g4 b5 24. axb5 Rxb5 25. Ra1 Ng6 26. Ra8+ Ke7 27. Bxg6 hxg6 28. Rh8 Rb4 29. Ke3 d4+ 30. Kd3 g5 31. f5 c5 32. Rc8 Kd6 33. Re8 Rb6 34. Re6+ Kc7 35. Kc4 Rxe6 36. fxe6 Kd6 37. e7 Kxe7 38. Kxc5 f5 39. gxf5 Kf6 40. Kxd4 Kxf5 41. Ke3 1-0

[Event "URU-chT Provinces"]
[Site "Montevideo"]
[Date "2017.08.26"]
[Round "3.2"]
[White "Ledesma, Sebastian"]
[Black "Daneri, Martin"]
[Result "0-1"]
[WhiteElo "1922"]
[BlackElo "2072"]
[PlyCount "112"]
[EventDate "2017.08.25"]
[EventType "team-swiss"]
[EventRounds "5"]
[EventCountry "URU"]
[SourceTitle "EXT 2019"]
[Source "ChessBase"]
[SourceDate "2018.10.10"]
[SourceVersion "1"]
[SourceVersionDate "2018.10.10"]
[SourceQuality "1"]
[WhiteTeam "San Jose"]
[BlackTeam "Canelones"]
[WhiteTeamCountry "URU"]
[BlackTeamCountry "URU"]

1. e4 e6 2. d4 d5 3. Nd2 Nc6 4. Ngf3 Nf6 5. e5 Nd7 6. Nb3 a5 7. a4 b6 8. c3 Be7 9. Bb5 Ncb8 10. 0-0 c6 11. Be2 Ba6 12. Re1 0-0 13. Bf4 Qc8 14. h4 Bxe2 15. Qxe2 Qa6 16. Bg5 Bxg5 17. hxg5 Qxe2 18. Rxe2 c5 19. Rc1 c4 20. Na1 Nc6 21. Nc2 Rfb8 22. Na3 Na7 23. b3 cxb3 24. Rb2 b5 25. axb5 Nxb5 26. Rxb3 Nxa3 27. Rxa3 Nb6 28. Nd2 g6 29. Rca1 a4 30. Rb1 Ra6 31. Kf1 Rc8 32. Ke2 Kg7 33. Rb4 Rca8 34. Kd3 h6 35. gxh6+ Kxh6 36. g3 g5 37. c4 dxc4+ 38. Nxc4 Nd5 39. Rb7 Kg6 40. Nd6 f6 41. Ke4 Rc6 42. Kd3 g4 43. Ne4 fxe5 44. dxe5 Rc1 45. Nd6 Ra6 46. Rb8 Rd1+ 47. Ke2 Rd4 48. Re8 Nc7 49. Re7 Rc6 50. Ke3 Rb4 51. Kd3 Rb3+ 52. Rxb3 axb3 53. Ne4 b2 54. Nd2 Rc1 55. Rd7 Rd1 56. Ke2 b1Q 0-1

[Event "URU-chT Provinces"]
[Site "Montevideo"]
[Date "2017.08.25"]
[Round "1.2"]
[White "Rey, Fernando"]
[Black "Ledesma, Sebastian"]
[Result "1/2-1/2"]
[WhiteElo "1658"]
[BlackElo "1922"]
[PlyCount "48"]
[EventDate "2017.08.25"]
[EventType "team-swiss"]
[EventRounds "5"]
[EventCountry "URU"]
[SourceTitle "EXT 2019"]
[Source "ChessBase"]
[SourceDate "2018.10.10"]
[SourceVersion "1"]
[SourceVersionDate "2018.10.10"]
[SourceQuality "1"]
[WhiteTeam "Montevideo III"]
[BlackTeam "San Jose"]
[WhiteTeamCountry "URU"]
[BlackTeamCountry "URU"]

1. e4 e5 2. Nf3 Nc6 3. Bb5 a6 4. Ba4 Nf6 5. 0-0 b5 6. Bb3 Be7 7. Re1 0-0 8. c3 d5 9. exd5 Nxd5 10. Nxe5 Nxe5 11. Rxe5 c6 12. d3 Bd6 13. Re1 Qh4 14. g3 Qh3 15. Re4 Qf5 16. Bc2 Qg6 17. Nd2 Bf5 18. Re1 Bxd3 19. Bxd3 Qxd3 20. Ne4 Qxd1 21. Rxd1 Be7 22. Re1 Rfe8 23. Bd2 Rad8 24. Rad1 a5 1/2-1/2

[Event "URU-ch sf"]
[Site "Montevideo"]
[Date "2017.02.27"]
[Round "7"]
[White "Ledesma, Sebastian"]
[Black "Larrea, Daniela"]
[Result "1/2-1/2"]
[WhiteElo "1951"]
[BlackElo "1748"]
[PlyCount "48"]
[EventDate "2017.02.24"]
[EventType "swiss"]
[EventRounds "8"]
[EventCountry "URU"]
[SourceTitle "EXT 2018"]
[Source "ChessBase"]
[SourceDate "2017.10.13"]
[SourceVersion "1"]
[SourceVersionDate "2017.10.13"]
[SourceQuality "1"]

1. d4 Nf6 2. Nc3 g6 3. e4 d6 4. Bg5 Bg7 5. Qd2 0-0 6. 0-0-0 Nbd7 7. f3 e5 8. Nge2 c6 9. g4 Qc7 10. h4 h5 11. gxh5 Nxh5 12. Rg1 Kh7 13. d5 c5 14. Nb5 Qb6 15. Ng3 Ndf6 16. Nxh5 gxh5 17. Nc3 Bd7 18. Be2 Rg8 19. Rg2 Qb4 20. Rdg1 Qd4 21. Bb5 Qxd2+ 22. Kxd2 Bxb5 23. Nxb5 Ne8 24. Be7 Bh6+ 1/2-1/2

[Event "URU-chTA"]
[Site "Montevideo"]
[Date "2016.09.23"]
[Round "1.32"]
[White "Michailov, Matias"]
[Black "Ledesma, Sebastian"]
[Result "1-0"]
[WhiteElo "2192"]
[BlackElo "1944"]
[PlyCount "57"]
[EventDate "2016.09.23"]
[EventType "team-swiss"]
[EventRounds "5"]
[EventCountry "URU"]
[SourceTitle "EXT 2018"]
[Source "ChessBase"]
[SourceDate "2017.10.13"]
[SourceVersion "1"]
[SourceVersionDate "2017.10.13"]
[SourceQuality "1"]

1. e4 c5 2. Nf3 Nc6 3. d4 cxd4 4. Nxd4 g6 5. Nc3 Bg7 6. Nb3 Nf6 7. g4 h6 8. Be2 d6 9. Be3 Ne5 10. h3 Be6 11. Nd4 Bc4 12. f4 Bxe2 13. Qxe2 Nc6 14. 0-0-0 0-0 15. Nxc6 bxc6 16. e5 Ne8 17. Bd4 Qa5 18. exd6 exd6 19. f5 Nf6 20. Rhf1 Rae8 21. Qc4 c5 22. Bxf6 Bxf6 23. fxg6 Bg5+ 24. Kb1 Re7 25. Rxd6 Kg7 26. a3 Qc7 27. Rd5 Be3 28. Rdf5 f6 29. Nd5 1-0

[Event "URU-ch sf"]
[Site "Montevideo"]
[Date "2014.03.03"]
[Round "6"]
[White "Arcos Facio, Mateo"]
[Black "Ledesma, Sebastian"]
[Result "1/2-1/2"]
[WhiteElo "2195"]
[BlackElo "1937"]
[PlyCount "39"]
[EventDate "2014.02.28"]
[EventType "swiss"]
[EventRounds "9"]
[EventCountry "URU"]
[SourceTitle "CBM 159 Extra"]
[Source "ChessBase"]
[SourceDate "2014.04.24"]
[SourceVersion "1"]
[SourceVersionDate "2014.04.24"]
[SourceQuality "1"]

1. e4 e5 2. Nf3 Nc6 3. Bc4 Bc5 4. c3 Nf6 5. d3 d6 6. Nbd2 a6 7. Bb3 0-0 8. h3 d5 9. Qe2 Re8 10. Nf1 dxe4 11. dxe4 Be6 12. Ng3 Bxb3 13. axb3 Bf8 14. 0-0 g6 15. Be3 Qc8 16. b4 b5 17. Ra2 Qb7 18. Qc2 h5 19. b3 Bg7 20. Bc5 1/2-1/2

[Event "URU-ch sf"]
[Site "Montevideo"]
[Date "2013.02.12"]
[Round "8"]
[White "Lopez Falcon, Jorge"]
[Black "Ledesma, Sebastian"]
[Result "1/2-1/2"]
[WhiteElo "2138"]
[BlackElo "1923"]
[PlyCount "89"]
[EventDate "2013.02.08"]
[EventType "swiss"]
[EventRounds "9"]
[EventCountry "URU"]
[SourceTitle "EXT 2014"]
[Source "ChessBase"]
[SourceDate "2013.11.20"]
[SourceVersion "1"]
[SourceVersionDate "2013.11.20"]
[SourceQuality "1"]

1. d4 f5 2. g3 Nf6 3. Bg2 e6 4. c4 d5 5. Nf3 Bd6 6. 0-0 c6 7. b3 Qe7 8. Bb2 b6 9. Ne5 Bb7 10. Nd2 0-0 11. Rc1 Na6 12. Ndf3 Rac8 13. Nd3 c5 14. cxd5 Bxd5 15. Nfe5 Bxg2 16. Kxg2 cxd4 17. Bxd4 Nc5 18. Nc4 Nxd3 19. Qxd3 Bb8 20. Be5 Rfd8 21. Qf3 Ne4 22. Bxb8 Rxb8 23. Rfd1 Rxd1 24. Rxd1 Rd8 25. Rxd8+ Qxd8 26. Qe3 Qd5 27. f3 Nd6 28. Ne5 Nf7 29. Nd3 e5 30. Qc1 g6 31. Qc3 a5 32. h4 Qd6 33. Qc4 Kg7 34. b4 axb4 35. Nxb4 Nd8 36. Nd5 Ne6 37. e4 Nd4 38. Qb4 Qxb4 39. Nxb4 fxe4 40. fxe4 b5 41. Kf2 Kf6 42. Nd5+ Ke6 43. g4 h6 44. Ke3 Kd6 45. Kd3 1/2-1/2

[Event "URU-ch sf"]
[Site "Montevideo"]
[Date "2013.02.11"]
[Round "7"]
[White "Ledesma, Sebastian"]
[Black "Visillac, Alejandro"]
[Result "1-0"]
[WhiteElo "1923"]
[BlackElo "1794"]
[PlyCount "132"]
[EventDate "2013.02.08"]
[EventType "swiss"]
[EventRounds "9"]
[EventCountry "URU"]
[SourceTitle "EXT 2014"]
[Source "ChessBase"]
[SourceDate "2013.11.20"]
[SourceVersion "1"]
[SourceVersionDate "2013.11.20"]
[SourceQuality "1"]

1. e4 e6 2. d4 d5 3. Nd2 Nf6 4. e5 Nfd7 5. Bd3 c5 6. c3 Nc6 7. Ngf3 Qb6 8. 0-0 cxd4 9. cxd4 Nxd4 10. Nxd4 Qxd4 11. Nf3 Qb6 12. Qa4 Qb4 13. Qc2 Qc5 14. Qe2 Be7 15. Be3 Qa5 16. Rfc1 0-0 17. Rc3 Bb4 18. Rcc1 Be7 19. a3 f6 20. Qc2 fxe5 21. Bxh7+ Kh8 22. Ng5 Nf6 23. Bg6 d4 24. Bd2 Qd5 25. Re1 e4 26. Nxe4 Nxe4 27. Bxe4 Qh5 28. Qd3 e5 29. Bf3 Qf5 30. Qxf5 Rxf5 31. Bg4 Rf8 32. Rxe5 Bxg4 33. Rxe7 b6 34. f3 Bf5 35. Rc1 Rfe8 36. Rcc7 Rac8 37. Rxg7 Rxc7 38. Rxc7 Re2 39. Bh6 d3 40. g4 Be6 41. Rc6 Bd5 42. Rd6 d2 43. Rxd5 Re1+ 44. Kf2 d1Q 45. Rxd1 Rxd1 46. Bf4 Kh7 47. h4 a5 48. Be5 Kg6 49. Kg3 b5 50. Bc3 b4 51. axb4 a4 52. Kf4 Rd3 53. h5+ Kf7 54. Be5 Rb3 55. g5 Ke6 56. Bf6 Rxb4+ 57. Kg3 Kf5 58. h6 Rb7 59. Kh4 Kg6 60. Kg4 Rb4+ 61. f4 Rb3 62. Be5 Rb4 63. Kf3 Rb7 64. Ke4 Rd7 65. Bf6 Rb7 66. f5+ Kh7 1-0

[Event "URU-ch sf"]
[Site "Montevideo"]
[Date "2012.02.18"]
[Round "3"]
[White "Saralegui Cassan, Mario"]
[Black "Ledesma, Sebastian"]
[Result "0-1"]
[WhiteElo "2175"]
[BlackElo "1893"]
[PlyCount "35"]
[EventDate "2012.02.17"]
[EventType "swiss"]
[EventRounds "9"]
[EventCountry "URU"]
[SourceTitle "EXT 2014"]
[Source "ChessBase"]
[SourceDate "2013.11.20"]
[SourceVersion "1"]
[SourceVersionDate "2013.11.20"]
[SourceQuality "1"]

1. d4 d5 2. Nf3 Nf6 3. e3 e6 4. Bd3 c5 5. c3 Nc6 6. 0-0 Bd6 7. Nbd2 0-0 8. Qe2 Re8 9. dxc5 Bxc5 10. e4 dxe4 11. Nxe4 Nxe4 12. Bxe4 h6 13. Bc2 Bf8 14. Be3 Qc7 15. Qd3 g6 16. Qc4 Bd7 17. Rfd1 Rac8 18. Qh4 0-1

[Event "Montevideo ACJ 1st"]
[Site "Montevideo"]
[Date "2011.12.13"]
[Round "4"]
[White "Ledesma, Sebastian"]
[Black "Diaz Tebot, Rodrigo"]
[Result "1/2-1/2"]
[WhiteElo "1908"]
[BlackElo "1921"]
[PlyCount "35"]
[EventDate "2011.12.10"]
[EventType "tourn"]
[EventRounds "9"]
[EventCountry "URU"]
[SourceTitle "EXT 2013"]
[Source "ChessBase"]
[SourceDate "2012.11.22"]
[SourceVersion "1"]
[SourceVersionDate "2012.11.22"]
[SourceQuality "1"]

1. e4 d6 2. d4 Nf6 3. Nc3 c6 4. Be3 Qc7 5. f3 e6 6. Qd2 b5 7. Nge2 Nbd7 8. g4 h6 9. h3 e5 10. Ng3 g6 11. f4 exd4 12. Bxd4 b4 13. Nce2 c5 14. Be3 Nb6 15. b3 Bb7 16. Bg2 Bg7 17. 0-0 0-0 18. Rad1 1/2-1/2